以下河南城市位于哪个流域 - 选择 - Statistics

General Stats
  • This quiz has been taken 17 times
  • The average score is 29 of 45
Answer Stats
Hint Extra Hint Answer % Correct
洛阳 A.黄河流域
80%
三门峡 A.黄河流域
80%
漯河 B.淮河流域
80%
周口 B.淮河流域
80%
驻马店 B.淮河流域
80%
舞钢 B.淮河流域
80%
禹州 B.淮河流域
80%
固始 B.淮河流域
80%
濮阳 濮阳市区恰好位于马颊河与另一河流的分水岭上,北部属于马颊河流域,请选出濮阳市区南部所在的流域。 A.黄河流域
73%
灵宝 A.黄河流域
73%
洛宁 A.黄河流域
73%
郑州 B.淮河流域
73%
许昌 B.淮河流域
73%
汝州 B.淮河流域
73%
项城 B.淮河流域
73%
安阳 C.海河流域
73%
南阳 D.长江流域
73%
邓州 D.长江流域
73%
济源 A.黄河流域
67%
义马 A.黄河流域
67%
平顶山 B.淮河流域
67%
商丘 B.淮河流域
67%
新密 B.淮河流域
67%
新郑 B.淮河流域
67%
登封 B.淮河流域
67%
长葛 B.淮河流域
67%
永城 B.淮河流域
67%
太康 B.淮河流域
67%
民权 B.淮河流域
67%
新蔡 B.淮河流域
67%
鹤壁 C.海河流域
67%
林州 C.海河流域
67%
卫辉 C.海河流域
67%
西峡 D.长江流域
67%
孟州 A.黄河流域
60%
辉县 C.海河流域
60%
巩义 A.黄河流域
53%
开封 B.淮河流域
53%
信阳 B.淮河流域
53%
新乡 C.海河流域
53%
荥阳 B.淮河流域
47%
长垣 A.黄河流域
40%
唐河 D.长江流域
40%
沁阳 A.黄河流域
27%
焦作 C.海河流域
13%
No matching quizzes found
Score Distribution
Percent of People with Each Score
Percentile by Number Answered
Your Score History
You have not taken this quiz